00658nam a2200193Ia 4500001001000000003000500010008004100015010001100056040000900067082001900076100002400095245013900119300000900258440001800267500008600285650004300371650003200414700001800446Para_7754CHAP220125s1930 xx 000 0 und d a206754 cCHAP aPA-C 595.77 D5 aGinsburg, Joseph M. aPreliminary studies on causes and remedies for mosquito breeding in sewage disposal plants /c by Joseph M. Ginsburg and Leroy Forman a7 p. aDíptera ; 2 aSobretiro de : Swage work Journal 2(3) : 412-18, 1930 Enc. con impresos similares aDípteros x colecciones de escritos  aMosquitos x reproducción aForman, Leroy